1496 1769 1414 1813 1467 1050 1503 1759 1416 1226 1428 1874 1950 1465 1604 1922 1312 1254 1024 1962 1986 1304 1429 1601 1423 1041 1937 1142 1612 1478 1756 1315 1089 1794 1637 1607 1767 1110 1975 1042 1538 1249 1999 1360 2000 1827 1238 1823 1712 1443 1371 1970 1962 1335 1791 1334 1461 1803 1976 1070 1001 1731 1039 1568 1169 1098 1060 1680 1148 1958 1393 1268 1876 1314 1234 1827 1283 1476 1110 1072 1055 1821 1239 1137 1516 1326 1387 1763 1665 1113 1463 1135 1497 1067 1657 1887 1311 1828 1207 BCNSPRNW ULIB Ver.6.0+V

เปลี่ยนเป็นภาษาไทย

Change to English
 แสดงรายละเอียดบรรณานุกรม
  กลับหน้าหลัก

Brief Record : Get Marc (ISO 2709) : E-mail record : QR code < ปิดหน้าต่าง
LEADER : 00000nam 2200000uu 4500
001    13399121608
003     ULIB
008    121126s2552||||th 000 0 tha d
020    ^a9789990010244
060 04 ^aWS420^bว582ว
245 00 ^aเวชศาสตร์ปริกำเนิดในเวชปฏิบัติ /^cบรรณาธิการ, วิทยา ถิฐาพันธ์, นิศารัตน์ พิทักษ์วัชระ, ประทักษ์ โอประเสริฐสวัสดิ์
250    ^aพิมพ์ครั้งที่ 2
260    ^aกรุงเทพฯ :^bสมาคมเวชศาสตร์ปริกำเนิดแห่งประเทศไทย,^c2552
300    ^aก-ฎ, 258 หน้า :^bภาพประกอบ ;^c30 ซม.
650  7 ^aกุมารเวชศาสตร์
650  7 ^aทารกแรกเกิด
650  7 ^aทารก, การดูแล
650  7 ^aสูติศาสตร์
650  7 ^aอนามัยแม่และเด็ก
653    ^aผลงานอาจารย์คณะแพทยศาสตร์ศิริราชพยาบาล
700 0  ^aวิทยา ถิฐาพันธ์,^eบรรณาธิการ
700 0  ^aนิศารัตน์ พิทักษ์วัชระ,^eบรรณาธิการ
700 0  ^aประทักษ์ โอประเสริฐสวัสดิ์,^eบรรณาธิการ
710 2  ^aสมาคมเวชศาสตร์ปริกำเนิดแห่งประเทศไทย
945    ^p450^l0^i16249
945    ^p450^l0^i16250
995    ^aวิภา
999 ^a ใช้งานได้ทุกระบบ
รายการนี้ยังไม่มีแท็ก
คุณยังไม่ได้ล็อกอิน คุณสามารถมีกิจกรรมร่วมกับเว็บไซต์ได้ แต่ต้องล็อกอินก่อน ::
  ล็อกอิน

รายการสื่อสารสนเทศ

ลำดับที่ ประเภท เลขเรียก/บาร์โค้ด สถานที่ สถานะ
- ไม่พบข้อมูล -

รายการใกล้เคียง
    หัวเรื่อง [กุมารเวชศาสตร์]
    หัวเรื่อง [ทารกแรกเกิด]
    หัวเรื่อง [ทารก, การดูแล]
    หัวเรื่อง [สูติศาสตร์]
    หัวเรื่อง [อนามัยแม่และเด็ก]

BibComment


ยังไม่เคยถูกคอมเมนท์

คอมเมนท์ทรัพยากรรายการนี้
  คอมเมนท์: เวชศาสตร์ปริกำเน..


 Copyright 2026. Bcnsprnw @Library